000 00549nam a22001937a 4500
005 20251108165245.0
008 250721s1982 xx 000 0 ara d
082 1 4 _a956.402/محم
100 1 _aشيخو، محمد عصمت
245 1 0 _aسوريه و قضية فلسطين :
_b1920-1949 /
264 1 _aدمشق :
_bدار قتيبه،
_c1982.
300 _a147ص
650 1 7 _aفلسطين
650 1 7 _aتاريخ فلسطين
650 1 7 _aالعلاقات الدوليه
650 1 7 _aسورية
942 _2ddc
_cBK
999 _c23421
_d23421